[Event "Joao Pessoa op 6th"]
[Site "Joao Pessoa"]
[Date "2015.03.15"]
[Round "5"]
[White "Barreto Junior, Williem Silva"]
[Black "Oliveira, Renato de Araujo"]
[Result "0-1"]
[WhiteElo "1971"]
[BlackElo "2058"]
[PlyCount "62"]
[EventDate "2015.03.13"]
[EventType "swiss"]
[EventRounds "6"]
[EventCountry "BRA"]
[SourceTitle "CBM 165 Extra"]
[Source "ChessBase"]
[SourceDate "2015.04.21"]
[SourceVersion "1"]
[SourceVersionDate "2015.04.21"]
[SourceQuality "1"]

1. Nf3 Nf6 2. g3 g6 3. Bg2 Bg7 4. 0-0 d5 5. d3 0-0 6. c3 b6 7. Nbd2 Bb7 8. Qc2 Nbd7 9. Re1 e5 10. e4 dxe4 11. Nxe4 Nxe4 12. dxe4 Nc5 13. Rd1 Qc8 14. Ne1 Bc6 15. Be3 Nb7 16. c4 Nd8 17. Nd3 a5 18. a3 Qb7 19. f3 f5 20. Nf2 Ne6 21. Bh3 Nd4 22. Bxd4 exd4 23. Qd3 Rae8 24. Re1 fxe4 25. fxe4 Rxf2 26. Kxf2 Bxe4 27. Qd2 d3 28. Kg1 Bd4+ 29. Re3 Bf3 30. Rae1 Qe4 31. Kf2 Be2 0-1

[Event "Paraibano-ch"]
[Site "Joao Pessoa"]
[Date "2014.11.29"]
[Round "3"]
[White "Oliveira, Renato de Araujo"]
[Black "Cavalcanti, Francisco de Assis"]
[Result "1/2-1/2"]
[WhiteElo "2078"]
[BlackElo "2196"]
[PlyCount "40"]
[EventDate "2014.11.28"]
[EventType "swiss"]
[EventRounds "5"]
[EventCountry "BRA"]
[SourceTitle "EXT 2022"]
[Source "ChessBase"]
[SourceDate "2021.10.06"]
[SourceVersion "1"]
[SourceVersionDate "2021.10.06"]
[SourceQuality "1"]

1. e4 e6 2. d4 d5 3. e5 c5 4. c3 Qb6 5. Nf3 Bd7 6. Be2 Nc6 7. 0-0 cxd4 8. cxd4 Nge7 9. Na3 Nf5 10. Nc2 Be7 11. b4 Rc8 12. g4 Nh4 13. Nxh4 Bxh4 14. a3 Be7 15. Be3 a6 16. Qd2 0-0 17. Bd3 Na7 18. a4 Qc7 19. Qe2 Nc6 20. Rab1 a5 1/2-1/2

[Event "Joao Pessoa 3rd"]
[Site "Joao Pessoa"]
[Date "2013.08.11"]
[Round "6"]
[White "Oliveira, Renato de Araujo"]
[Black "Brito, Luismar Jorge"]
[Result "0-1"]
[WhiteElo "2127"]
[BlackElo "2282"]
[PlyCount "170"]
[EventDate "2013.08.08"]
[EventType "tourn"]
[EventRounds "9"]
[EventCountry "BRA"]
[EventCategory "1"]
[SourceTitle "CBM 155 Extra"]
[Source "ChessBase"]
[SourceDate "2013.08.26"]
[SourceVersion "1"]
[SourceVersionDate "2013.08.26"]
[SourceQuality "1"]

1. e4 c5 2. c3 Nf6 3. e5 Nd5 4. d4 d6 5. exd6 Qxd6 6. Bc4 Nb6 7. Bb3 cxd4 8. cxd4 Nc6 9. Nf3 e6 10. Nc3 Be7 11. 0-0 a6 12. Qe2 0-0 13. Rd1 Nb4 14. Ne4 Qd8 15. a3 N4d5 16. Bd2 a5 17. Bc2 Nd7 18. Qd3 N7f6 19. Nxf6+ Nxf6 20. Bg5 g6 21. Ne5 Kg7 22. Qd2 Ng8 23. Be3 f6 24. Nf3 Qd5 25. Bb1 Rd8 26. Ba2 Qh5 27. Rac1 Kh8 28. Qc3 Bd6 29. Bc4 Bd7 30. Be2 Bxh2+ 31. Nxh2 Qxe2 32. Nf3 Rdc8 33. Qb3 Qb5 34. Qa2 Rxc1 35. Rxc1 Rc8 36. Rxc8 Bxc8 37. Qb1 Bd7 38. Qc1 Bc6 39. Ne1 Ne7 40. f3 a4 41. Qd2 Kg7 42. Nd3 Kf7 43. Nb4 Qc4 44. Bf2 g5 45. Qd1 h6 46. Qd2 Bb5 47. Qd1 f5 48. Qe1 Ng6 49. Kh2 h5 50. Qd1 Qe2 51. Qxe2 Bxe2 52. Be3 f4 53. Bd2 Ne7 54. Na2 b5 55. Nc3 Bd3 56. Nd1 Nf5 57. Nf2 Bc2 58. Bc3 Ne3 59. Kg1 Bf5 60. Ba5 Kg6 61. Bb4 h4 62. Ba5 Kh5 63. Be1 g4 64. fxg4+ Bxg4 65. Ne4 Nc4 66. Bc3 f3 67. gxf3 Bxf3 68. Nd2 Nxd2 69. Bxd2 Kg4 70. Kh2 h3 71. Ba5 Bg2 72. Be1 Kf3 73. Kg1 Ke2 74. Bb4 Kd3 75. Bc3 b4 76. Bxb4 Kxd4 77. Bd6 e5 78. Bc7 e4 79. Kf2 e3+ 80. Ke2 Ke4 81. Bh2 Bf3+ 82. Ke1 Bg4 83. Bc7 Kf3 84. Kf1 e2+ 85. Ke1 Kg2 0-1

[Event "Joao Pessoa op 08"]
[Site "Joao Pessoa"]
[Date "2013.08.03"]
[Round "3"]
[White "Oliveira, Renato de Araujo"]
[Black "Ferreira, Jose Carlos"]
[Result "1/2-1/2"]
[WhiteElo "2127"]
[BlackElo "1898"]
[PlyCount "60"]
[EventDate "2013.08.02"]
[EventType "swiss"]
[EventRounds "6"]
[EventCountry "BRA"]
[SourceTitle "CBM 155 Extra"]
[Source "ChessBase"]
[SourceDate "2013.08.26"]
[SourceVersion "1"]
[SourceVersionDate "2013.08.26"]
[SourceQuality "1"]

1. e4 c5 2. c3 d5 3. exd5 Qxd5 4. d4 e6 5. Nf3 Nf6 6. Be2 Be7 7. 0-0 0-0 8. Ne5 Qd8 9. Bf3 Qb6 10. dxc5 Bxc5 11. Nd2 Qc7 12. Qe2 Nbd7 13. Nd3 Bd6 14. g3 Rb8 15. Nb3 a6 16. Rd1 Re8 17. Be3 Kf8 18. Rac1 b6 19. Nb4 Ne5 20. Bg2 a5 21. Na6 Bxa6 22. Qxa6 Nc4 23. Bg5 Be7 24. Nd4 Rbd8 25. b3 Ne5 26. Bf4 Nfd7 27. Re1 g5 28. Be3 Nc5 29. Qe2 Ncd3 30. Qh5 Bf6 1/2-1/2

[Event "Joao Pessoa op 08"]
[Site "Joao Pessoa"]
[Date "2013.08.02"]
[Round "2"]
[White "Jordao Barbosa, Marcio Ferre"]
[Black "Oliveira, Renato de Araujo"]
[Result "1/2-1/2"]
[WhiteElo "1919"]
[BlackElo "2127"]
[PlyCount "99"]
[EventDate "2013.08.02"]
[EventType "swiss"]
[EventRounds "6"]
[EventCountry "BRA"]
[SourceTitle "CBM 155 Extra"]
[Source "ChessBase"]
[SourceDate "2013.08.26"]
[SourceVersion "1"]
[SourceVersionDate "2013.08.26"]
[SourceQuality "1"]

1. e4 c5 2. Nf3 d6 3. Nc3 Nf6 4. Bb5+ Bd7 5. Bxd7+ Qxd7 6. d3 Nc6 7. h3 g6 8. Be3 Bg7 9. Qd2 0-0 10. 0-0 Rfd8 11. Rfe1 Rac8 12. Bg5 Ne8 13. Rad1 Nc7 14. Qc1 Ne6 15. Bh6 Bh8 16. Nd5 b5 17. c3 b4 18. Qd2 Rb8 19. Rb1 Rb7 20. Ng5 Rdb8 21. c4 Ned4 22. h4 f6 23. Nh3 Nf3+ 24. gxf3 Qxh3 25. Qf4 Ne5 26. Re3 Nf7 27. Ree1 e5 28. Qd2 Qxh4 29. Be3 f5 30. f4 exf4 31. Bxf4 Ne5 32. Bxe5 Bxe5 33. f4 Bd4+ 34. Kg2 Rf8 35. Qe2 Rg7 36. Rh1 Qd8 37. exf5 gxf5+ 38. Kf3 Re8 39. Qh2 Re6 40. Rbe1 Reg6 41. Re2 Qf8 42. Rhe1 Rg3+ 43. Qxg3 Rxg3+ 44. Kxg3 Qg7+ 45. Kh2 Qh6+ 46. Kg2 Qg6+ 47. Kh2 Qh5+ 48. Kg2 Qg4+ 49. Kh2 Qh4+ 50. Kg2 1/2-1/2

[Event "Joao Pessoa op"]
[Site "Joao Pessoa"]
[Date "2013.06.02"]
[Round "6"]
[White "Oliveira, Renato de Araujo"]
[Black "Dantas, Francisco"]
[Result "1/2-1/2"]
[WhiteElo "2121"]
[BlackElo "1983"]
[PlyCount "74"]
[EventDate "2013.05.30"]
[EventType "swiss"]
[EventRounds "6"]
[EventCountry "BRA"]
[SourceTitle "CBM 154 Extra"]
[Source "ChessBase"]
[SourceDate "2013.06.25"]
[SourceVersion "2"]
[SourceVersionDate "2013.06.25"]
[SourceQuality "1"]

1. e4 c5 2. c3 Nf6 3. e5 Nd5 4. d4 cxd4 5. Nf3 Nc6 6. Bc4 Nb6 7. Bb3 d5 8. exd6 Qxd6 9. 0-0 Be6 10. Na3 dxc3 11. Qe2 Bxb3 12. Nb5 Qb8 13. axb3 e6 14. bxc3 a6 15. Nbd4 Nxd4 16. Nxd4 Be7 17. Qg4 Qe5 18. Bf4 Qf6 19. Rfe1 0-0 20. Ra5 Nd5 21. Bd2 Bd8 22. Ra4 Bb6 23. Nf3 Nxc3 24. Rf4 Ne2+ 25. Rxe2 Qb2 26. Rc4 g6 27. Kf1 Rfd8 28. Bh6 Rd1+ 29. Ne1 Qa1 30. Rxe6 fxe6 31. Qxe6+ Kh8 32. Bf4 Rxe1+ 33. Qxe1 Qxe1+ 34. Kxe1 Re8+ 35. Kf1 Kg7 36. Bd2 Kf7 37. Rf4+ Kg8 1/2-1/2

[Event "Joao Pessoa op 4th"]
[Site "Joao Pessoa"]
[Date "2013.03.17"]
[Round "6"]
[White "Macedo, Alexandre Soares"]
[Black "Oliveira, Renato de Araujo"]
[Result "0-1"]
[WhiteElo "1827"]
[BlackElo "2104"]
[PlyCount "32"]
[EventDate "2013.03.15"]
[EventType "swiss"]
[EventRounds "6"]
[EventCountry "BRA"]
[SourceTitle "CBM 153 Extra"]
[Source "ChessBase"]
[SourceDate "2013.04.22"]
[SourceVersion "1"]
[SourceVersionDate "2013.04.22"]
[SourceQuality "1"]

1. Nf3 Nf6 2. g3 g6 3. Bg2 Bg7 4. 0-0 d5 5. c4 c6 6. cxd5 cxd5 7. d4 0-0 8. Nc3 Nc6 9. Ne5 e6 10. f4 Nd7 11. e3 Nb6 12. b3 f6 13. Nxc6 bxc6 14. Ba3 Re8 15. Rc1 Bd7 16. e4 Bf8 0-1

[Event "Joao Pessoa op 3rd"]
[Site "Joao Pessoa"]
[Date "2012.03.09"]
[Round "1"]
[White "Oliveira, Renato de Araujo"]
[Black "Araujo, Antonio Carlos Jr"]
[Result "1-0"]
[WhiteElo "2101"]
[BlackElo "1775"]
[PlyCount "47"]
[EventDate "2012.03.09"]
[EventType "swiss"]
[EventRounds "6"]
[EventCountry "BRA"]
[SourceTitle "CBM 147 Extra"]
[Source "ChessBase"]
[SourceDate "2012.04.24"]
[SourceVersion "1"]
[SourceVersionDate "2012.04.24"]
[SourceQuality "1"]

1. e4 d6 2. d4 Nf6 3. Nc3 g6 4. Bc4 Bg7 5. Qe2 0-0 6. e5 dxe5 7. dxe5 Ng4 8. e6 Ne5 9. exf7+ Nxf7 10. Nf3 Kh8 11. h3 Nc6 12. Be3 Nfe5 13. Nxe5 Bxe5 14. Bh6 Rf5 15. Rd1 Bd4 16. Ne4 e5 17. g4 Bxf2+ 18. Nxf2 Nd4 19. gxf5 Qf6 20. Rxd4 Bxf5 21. Rd5 Re8 22. Kd1 e4 23. Be3 Qxb2 24. Bd4+ 1-0